| 000 | 00665nam a2200205 a 4500 | ||
|---|---|---|---|
| 005 | 20240920063830.0 | ||
| 008 | 991125s1985 bar 000 0 spa u | ||
| 020 | _a8425212464 | ||
| 035 | _aUPN01000035739 | ||
| 049 | _aCG | ||
| 050 | 4 |
_aLB1028 _bS4.4 |
|
| 100 | 1 | _aSegarra, M. Dolors | |
| 245 | 1 | 0 |
_aLogo para maestros : _bel ordenador en la escuela : propuesta de uso / _cM. Dolors Segarra, Javier Gayán. |
| 260 |
_aBarcelona, Esp. : _bG. Gili, _c1985. |
||
| 300 |
_a202 p. : _bil. |
||
| 650 | 4 |
_aComputadoras en la educación _94976 |
|
| 650 | 4 |
_aLOGO (Lenguaje de programacion para computadora) _97116 |
|
| 700 | 1 |
_aGayán, Javier, _ecoaut. |
|
| 905 | _aLibro | ||
| 999 |
_c35739 _d35739 |
||